000 01052nam a2200325ua 4500
001 1285737
003 CO-ViMGA
005 20230915233609.0
008 110905s2011 ck a gr 000 jdspa d
020 _a9789583037580
040 _aCO-ViMGA
_bspa
_cCO-ViMGA
041 1 _heng
043 _an-us---
082 0 4 _a813.4
_bL65c2
_219
100 1 _aLondon, Jack,
_d1876-1916.
_9297
245 1 0 _aCuentos de fortuna /
_cJack London ; ilustraciones Fernando Cortš ; traduccin̤ Ad̕a E. Marcuse.
250 _aEdicin̤ Luisa Noguera Arrieta.
260 _aBogot :̀
_bPanamericana Editorial,
_c2011.
300 _a283 p. :
_bil. ;
_c21 cm.
490 0 _aLiteratura. Relatos
650 1 4 _aBallenas
_v Cuentos.
_9301
650 1 4 _aCuentos estadounidenses.
_9298
650 1 4 _aOro
_v Cuentos.
_9299
650 1 4 _aSilencio
_v Cuentos.
_9302
650 1 4 _aViejos
_v Cuentos.
_9300
700 1 _aCortš, Fernando,
_eil.
_9303
700 1 _aMarcuse, Ad̕a E.,
_etr.
_9304
700 1 _aNoguera Arrieta, Luisa Margarita,
_eed.
_974
942 _2ddc
_cBK
999 _c5196
_d5196